Mohammed in ancient scriptures, Vol.-1 / (Record no. 23741)
[ view plain ]
| 000 -LEADER | |
|---|---|
| fixed length control field | 00695cam a2200229u 4500 |
| 001 - CONTROL NUMBER | |
| control field | 9715373 |
| 003 - CONTROL NUMBER IDENTIFIER | |
| control field | BDDh-ASL |
| 005 - DATE AND TIME OF LATEST TRANSACTION | |
| control field | 20231015030300.0 |
| 008 - FIXED-LENGTH DATA ELEMENTS--GENERAL INFORMATION | |
| fixed length control field | 840313m19361938bg 000 0 eng |
| 010 ## - LIBRARY OF CONGRESS CONTROL NUMBER | |
| LC control number | a 39000073 |
| 040 ## - CATALOGING SOURCE | |
| Original cataloging agency | DLC |
| Transcribing agency | CarP |
| Modifying agency | DLC |
| -- | BDDh-ASL |
| 050 00 - LIBRARY OF CONGRESS CALL NUMBER | |
| Classification number | BP173.B9 |
| Item number | A4 |
| 082 ## - DEWEY DECIMAL CLASSIFICATION NUMBER | |
| Classification number | 922.297 |
| Item number | ALM |
| 100 1# - MAIN ENTRY--PERSONAL NAME | |
| Personal name | Ali, Ummed, |
| Dates associated with a name | 1893- [from old catalog] |
| 245 00 - TITLE STATEMENT | |
| Title | Mohammed in ancient scriptures, Vol.-1 / |
| 260 ## - PUBLICATION, DISTRIBUTION, ETC. | |
| Place of publication, distribution, etc. | New Kotwali, |
| -- | Agra, India, |
| Name of publisher, distributor, etc. | S.R. & brothers, |
| Date of publication, distribution, etc. | 1936-38. |
| -- | 1936. |
| 300 ## - PHYSICAL DESCRIPTION | |
| Extent | 111 p. : |
| Dimensions | 19 cm. |
| 650 #0 - SUBJECT ADDED ENTRY--TOPICAL TERM | |
| Topical term or geographic name entry element | Islam |
| General subdivision | Relations |
| -- | Buddhism. |
| 650 #0 - SUBJECT ADDED ENTRY--TOPICAL TERM | |
| Topical term or geographic name entry element | Buddhism |
| General subdivision | Sacred books |
| 906 ## - LOCAL DATA ELEMENT F, LDF (RLIN) | |
| a | 0 |
| b | cbc |
| c | premunv |
| d | u |
| e | ncip |
| f | 19 |
| g | y-gencatlg |
| 942 ## - ADDED ENTRY ELEMENTS (KOHA) | |
| Source of classification or shelving scheme | Dewey Decimal Classification |
| Koha item type | Books |
| Withdrawn status | Lost status | Source of classification or shelving scheme | Damaged status | Not for loan | Collection code | Home library | Current library | Shelving location | Date acquired | Source of acquisition | Serial Enumeration / chronology | Total Checkouts | Full call number | Barcode | Date last seen | Copy number | Price effective from | Koha item type | Public note |
|---|---|---|---|---|---|---|---|---|---|---|---|---|---|---|---|---|---|---|---|
| Dewey Decimal Classification | Not For Loan | Non-fiction | Asiatic Society Library | Asiatic Society Library | General Stacks | 04/03/2021 | ASB Library Collections | V-1 | 922.297 ALM | 108257 | 04/03/2021 | C-1 | 04/03/2021 | Books | RARE |